Loading...
| Science - Other | 0 | 5 | 0 | 1 | 50 | 75 | 112.40 | 0 | 2 | 4.22 | 15.29 |
| History - American | 0 | 2 | 0 | 0 | 20 | 112 | 121.00 | 0 | 0 | 1.13 | 3.82 |
| Literature - British | 0 | 2 | 0 | 0 | 20 | 98 | 108.00 | 0 | 0 | 2.95 | 7.35 |
| Literature - European | 0 | 2 | 0 | 1 | 20 | 139 | 140.00 | 0 | 0 | 0.24 | 3.38 |
| Religion | 0 | 2 | 0 | 0 | 20 | 46 | 92.00 | 0 | 1 | 4.23 | 8.20 |
| Science - Physics | 0 | 2 | 0 | 0 | 20 | 127 | 132.00 | 0 | 0 | 0.00 | 5.54 |
| History - Other | 0 | 1 | 0 | 1 | 10 | 128 | 128.00 | 0 | 0 | 0.00 | 1.18 |
| History - World | 0 | 1 | 0 | 1 | 10 | 140 | 140.00 | 0 | 0 | -0.04 | 0.49 |
| Philosophy | 0 | 1 | 0 | 1 | 10 | 136 | 136.00 | 0 | 0 | 0.00 | 0.29 |
| Science - Biology | 0 | 0 | 0 | 0 | 0 | 0.00 | 0 | 0 | 0.00 | 0.00 | |
| Science - Chemistry | 0 | 0 | 0 | 0 | 0 | 0.00 | 0 | 0 | 0.00 | 0.00 |